[Event "4NCL Division 2b"]
[Site "Solihull, ENG"]
[Date "2018.01.14"]
[Round "4.83"]
[White "Kalaiyalahan, Akshaya"]
[Black "Player, Edmund C"]
[Result "1/2-1/2"]
[WhiteElo "2185"]
[BlackElo "2252"]
[PlyCount "69"]
[EventDate "2018.01.14"]
[WhiteTeam "Guildford 3"]
[BlackTeam "Anglian Avengers 1"]

1. d4 d5 2. c4 dxc4 3. e3 a6 4. Bxc4 Nf6 5. a4 e6 6. Nf3 Nbd7 7. O-O b6 8. Nc3
Bb7 9. Qe2 c5 10. Rd1 Qc7 11. h3 Be7 12. e4 cxd4 13. Nxd4 O-O 14. Bg5 Ne5 15.
Ba2 Ng6 16. Rac1 Qe5 17. Nf3 Qa5 18. Bb1 Rad8 19. Be3 Bb4 20. Nd2 Bxc3 21. bxc3
Qxa4 22. Bxb6 Rc8 23. f3 Qc6 24. Be3 Ne5 25. c4 Rfd8 26. f4 Ng6 27. e5 Nh5 28.
Qf2 Nhxf4 29. Bxf4 Nxf4 30. Be4 Qc5 31. Bxb7 Ne2+ 32. Kf1 Nxc1 33. Bxc8 Nd3 34.
Qxc5 Nxc5 35. Bxa6 1/2-1/2

[Event "4NCL Division 2b"]
[Site "Solihull, ENG"]
[Date "2018.01.14"]
[Round "4.84"]
[White "Gallagher, Daniel GH"]
[Black "Osborne, Marcus E"]
[Result "1/2-1/2"]
[WhiteElo "2224"]
[BlackElo "2155"]
[PlyCount "61"]
[EventDate "2018.01.14"]
[WhiteTeam "Anglian Avengers 1"]
[BlackTeam "Guildford 3"]

1. e4 c5 2. Nf3 g6 3. d4 cxd4 4. Nxd4 Bg7 5. c4 Nc6 6. Be3 Nf6 7. Nc3 Ng4 8.
Qxg4 Nxd4 9. Qd1 e5 10. Nb5 d6 11. Qd2 Nxb5 12. cxb5 Be6 13. Be2 d5 14. exd5
Qxd5 15. Qxd5 Bxd5 16. O-O O-O 17. Rfd1 Be4 18. Rd7 Rfc8 19. f3 Bf5 20. Rxb7
Rc2 21. Kf1 e4 22. Rxa7 Rxa7 23. Bxa7 exf3 24. gxf3 Rxb2 25. Rc1 Bf6 26. a4 Bh4
27. Bf2 Bh3+ 28. Ke1 Be7 29. Bd4 Bh4+ 30. Bf2 Be7 31. Bd4 1/2-1/2

[Event "4NCL Division 2b"]
[Site "Solihull, ENG"]
[Date "2018.01.14"]
[Round "4.85"]
[White "Granat, Russell G"]
[Black "Talsma, Paul"]
[Result "1/2-1/2"]
[WhiteElo "2190"]
[BlackElo "2192"]
[PlyCount "72"]
[EventDate "2018.01.14"]
[WhiteTeam "Guildford 3"]
[BlackTeam "Anglian Avengers 1"]

1. e4 e5 2. Nf3 Nc6 3. Bb5 a6 4. Bxc6 dxc6 5. d3 Bd6 6. Nbd2 f6 7. Qe2 Ne7 8.
Nc4 Be6 9. Be3 c5 10. c3 Nc6 11. h3 O-O 12. g4 b5 13. Nxd6 cxd6 14. b3 Qe7 15.
Rg1 d5 16. Nh4 d4 17. cxd4 Nxd4 18. Bxd4 cxd4 19. Nf5 Qc5 20. Qd2 Qc3 21. Rc1
Qxd2+ 22. Kxd2 Bxf5 23. gxf5 Rac8 24. f4 exf4 25. Rxc8 Rxc8 26. Rf1 g5 27. fxg6
hxg6 28. Rxf4 Kg7 29. Rf1 Rc5 30. Rg1 b4 31. a3 Ra5 32. a4 Rc5 33. h4 Kf7 34.
Rf1 Rh5 35. Rf4 Kg7 36. Rg4 Kf7 1/2-1/2

[Event "4NCL Division 2b"]
[Site "Solihull, ENG"]
[Date "2018.01.14"]
[Round "4.86"]
[White "Oyama, Akito"]
[Black "Chavannes, Ivar"]
[Result "1/2-1/2"]
[WhiteElo "2245"]
[BlackElo "2111"]
[PlyCount "75"]
[EventDate "2018.01.14"]
[WhiteTeam "Anglian Avengers 1"]
[BlackTeam "Guildford 3"]

1. e4 c5 2. Nc3 e6 3. f4 Nc6 4. Nf3 a6 5. g3 g6 6. Bg2 Bg7 7. O-O Nge7 8. d3 d6
9. Be3 Nd4 10. Rb1 O-O 11. Ne2 Nxe2+ 12. Qxe2 Bd7 13. c3 Rc8 14. Qf2 Bc6 15.
Nd2 f5 16. Qe2 Kh8 17. Rbd1 b6 18. Bf2 Qc7 19. Nf3 e5 20. fxe5 dxe5 21. Ng5 Rf6
22. Be3 h6 23. Nh3 Rcf8 24. Bc1 Nc8 25. exf5 gxf5 26. Bxc6 Rxc6 27. Qh5 Qf7 28.
Qxf7 Rxf7 29. Rf3 Rg6 30. Rdf1 Nd6 31. Nf2 c4 32. dxc4 e4 33. Rf4 Be5 34. Rh4
Kg7 35. Nh3 Nxc4 36. Nf4 Bxf4 37. Rhxf4 Ne5 38. Be3 1/2-1/2

[Event "4NCL Division 2b"]
[Site "Solihull, ENG"]
[Date "2018.01.14"]
[Round "4.87"]
[White "Shepley, Julien M"]
[Black "Moore, Graham J"]
[Result "1/2-1/2"]
[WhiteElo "2009"]
[BlackElo "2198"]
[PlyCount "220"]
[EventDate "2018.01.14"]
[WhiteTeam "Guildford 3"]
[BlackTeam "Anglian Avengers 1"]

1. e4 e6 2. d4 d5 3. Nd2 Nf6 4. e5 Nfd7 5. Bd3 c5 6. c3 Nc6 7. Ne2 cxd4 8. cxd4
f6 9. exf6 Nxf6 10. O-O Bd6 11. Nf3 Qc7 12. Bg5 O-O 13. Rc1 Ng4 14. Ng3 g6 15.
a3 Qg7 16. Bb1 Bd7 17. b4 a6 18. Rc3 Rac8 19. Qd2 h6 20. Be3 Rf6 21. h3 Nxe3
22. Qxe3 Rcf8 23. Ne2 R6f7 24. Nh4 Ne7 25. Nf3 Nf5 26. Qd2 g5 27. Re1 Kh8 28.
Nc1 Bf4 29. Qd1 Bxc1 30. Rxc1 Nh4 31. Nxh4 gxh4 32. Qg4 Qxg4 33. hxg4 Rxf2 34.
Rc7 R2f7 35. Rxb7 Rg8 36. Rxd7 Rxd7 37. Rxe6 Ra8 38. Rxh6+ Kg8 39. Bf5 Rc7 40.
Rd6 Rc3 41. Be6+ Kg7 42. Bxd5 Ra7 43. a4 Rc1+ 44. Kf2 Rb1 45. Rb6 Rd7 46. Be4
Rb2+ 47. Ke3 Re7 48. Kf3 Rd2 49. Rg6+ Kf7 50. Rxa6 Rxd4 51. Bg6+ Kg7 52. b5 Rc7
53. Bf5 Rc3+ 54. Ke2 Rg3 55. Rg6+ Kf7 56. Rh6 Rxa4 57. Rxh4 Ra2+ 58. Kf1 Rgxg2
59. Rh6 Raf2+ 60. Ke1 Rb2 61. Kf1 Rgf2+ 62. Ke1 Rf3 63. Rc6 Rxb5 64. Ke2 Rh3
65. Kd2 Rd5+ 66. Ke2 Ra5 67. Kd2 Raa3 68. Rc2 Rh2+ 69. Kc1 Rhh3 70. Rc7+ Kf6
71. Rc2 Kg5 72. Kb2 Rab3+ 73. Kc1 Kf4 74. Rc4+ Ke5 75. Kc2 Rbg3 76. Kb2 Kd5 77.
Rc2 Rb3+ 78. Kc1 Kd4 79. Rc8 Rh2 80. Rd8+ Ke3 81. Re8+ Kf3 82. Rc8 Rh1+ 83. Kc2
Rbb1 84. Kc3 Rb6 85. Kd4 Kf4 86. Rc4 Rb8 87. Kd5+ Kg5 88. Rc5 Rb4 89. Rc4 Rb5+
90. Kc6 Ra5 91. Rc5 Rh6+ 92. Kd5 Raa6 93. Ke5 Rhb6 94. Bc8 Ra4 95. Bd7 Ra1 96.
Kd4+ Kh4 97. Bf5 Rd6+ 98. Ke5 Rad1 99. Rc8 Ra6 100. Rh8+ Kg3 101. Rc8 Re1+ 102.
Kd5 Ra5+ 103. Rc5 Rd1+ 104. Kc6 Ra6+ 105. Kb5 Rad6 106. Rc4 Rd8 107. Kc6 R1d4
108. Rxd4 Rxd4 109. Kc5 Rxg4 110. Bxg4 Kxg4 1/2-1/2

[Event "4NCL Division 2b"]
[Site "Solihull, ENG"]
[Date "2018.01.14"]
[Round "4.88"]
[White "Gregory, Stephen J"]
[Black "Stimpson, Philip M"]
[Result "0-1"]
[WhiteElo "2140"]
[BlackElo "1925"]
[PlyCount "66"]
[EventDate "2018.01.14"]
[WhiteTeam "Anglian Avengers 1"]
[BlackTeam "Guildford 3"]

1. e4 Nc6 2. Bb5 e5 3. d3 Bc5 4. c3 Qe7 5. b4 Bb6 6. Nf3 Nxb4 7. O-O Nc6 8. d4
exd4 9. cxd4 Qb4 10. a4 Nxd4 11. Ba3 Nxf3+ 12. Qxf3 Qd4 13. Nc3 Qf6 14. Qd3 Ne7
15. e5 Qg6 16. Ne4 a6 17. Bc4 Nc6 18. Rfe1 Nxe5 19. Nc3 d6 20. Rxe5+ dxe5 21.
Qe2 Be6 22. Bd3 Qg4 23. Qc2 O-O-O 24. h3 Qg3 25. Bf1 Qg6 26. Qe2 Bxh3 27. Rc1
Rhe8 28. a5 Bd4 29. Na4 Bd7 30. Nb6+ Kb8 31. Nd5 Bb5 32. Qf3 e4 33. Qb3 Bxf2+
0-1